000
00147 a2200073 4500
020
_a
0799329312
082
_a
0940056452
245
_a
Somerus se hartseer
999
_c
787520
_d
787519
942
_w
13411
_x
Bongani Makatu
_y
13411
_z
Bongani Makatu